טוען...

Complex variables

מידע ביבליוגרפי
מחבר ראשי: Polya, George
מחברים אחרים: Latta, Gordon
פורמט: Printed Book
יצא לאור: John Wiley & Sons, New York 1971
נושאים:
LEADER 00522nam a2200169 4500
082 |a 515.9 POL-C 
100 |a Polya, George 
245 |a Complex variables  |c George Polya and Gordon Latta 
250
260 |a John Wiley & Sons, New York  |c 1971 
300
490
650 |a Functions of complex variables-- Analysis-- Mathematics 
700 |a Latta, Gordon 
942 |c BK 
999 |c 201268  |d 201268 
952 |0 0  |1 0  |4 0  |6 515_900000000000000_POLC  |7 0  |9 214617  |a MAT  |b MAT  |l 0  |o 515.9 POL-C  |p MAT2280  |r 2019-11-01  |w 2019-11-01  |y BK